UM Logo

Factors affecting the existence of colorum tricycles in digos city/ (Record no. 9945)

MARC details
000 -LEADER
fixed length control field 00578nam a22001577a 4500
008 - FIXED-LENGTH DATA ELEMENTS--GENERAL INFORMATION
fixed length control field 180723b ||||| |||| 00| 0 eng d
082 ## - DEWEY DECIMAL CLASSIFICATION NUMBER
Edition number 2018
Classification number UT 0889
Item number C67
100 ## - MAIN ENTRY--PERSONAL NAME
9 (RLIN) 29370
Personal name Cogasa, Ron Joshua G.
245 ## - TITLE STATEMENT
Title Factors affecting the existence of colorum tricycles in digos city/
Statement of responsibility, etc. Ron Joshua G. Cogasa and Roy R. Molina.
260 ## - PUBLICATION, DISTRIBUTION, ETC. (IMPRINT)
Place of publication, distribution, etc. Digos City:
Name of publisher, distributor, etc. UMDC
Date of publication, distribution, etc. March 2018.
300 ## - PHYSICAL DESCRIPTION
Extent 51 pages;
Other physical details 30 cm.
650 #0 - SUBJECT ADDED ENTRY--TOPICAL TERM
9 (RLIN) 29371
Topical term or geographic name as entry element Liberal Arts.
Form subdivision Political Science
General subdivision Undergraduate thesis.
700 ## - ADDED ENTRY--PERSONAL NAME
9 (RLIN) 29372
Personal name Cogasa, Ron Joshua G.
700 ## - ADDED ENTRY--PERSONAL NAME
9 (RLIN) 29373
Personal name Molina, Roy R.
942 ## - ADDED ENTRY ELEMENTS (KOHA)
Source of classification or shelving scheme Dewey Decimal Classification
Koha item type Undergraduate Thesis
Holdings
Withdrawn status Lost status Source of classification or shelving scheme Damaged status Not for loan Home library Current library Date acquired Total Checkouts Full call number Barcode Date last seen Price effective from Koha item type
    Dewey Decimal Classification     UM Digos College - LIC UM Digos College - LIC 07/11/2018   UT 0889 C67 2018 0889 05/15/2025 07/23/2018 Undergraduate Thesis